| 000 | 00403nam a2200157Ia 4500 | ||
|---|---|---|---|
| 008 | 230917s9999||||xx |||||||||||||| ||und|| | ||
| 040 |
_e69990 _aMAIN |
||
| 041 | _aEnglish | ||
| 082 | _a658.4 G651D | ||
| 100 | _aGordon, Judith R | ||
| 245 | 0 | _aDiagnostic approach to organizational behavior | |
| 250 | _a3rd ed. | ||
| 260 |
_aBoston _bAllyn and Bacon _c1991 |
||
| 300 | _axviii, 779 p. | ||
| 942 | _cBK | ||
| 999 |
_c83147 _d83147 |
||